000 00679nam a22002177a 4500
003 UA-OsUOA
001 119297
007 ta
008 20161019b un ||||| |||| 00| 0 ukr d
100 _aФіщенко-Савицька Н.
090 _a81
_bФ68
942 _cSA
040 _aUA-OsUOA
_bukr
_cUA-OsUOA
_dUA-OsUOA
245 _aКраса і багатство української мови. Джерела української фразеології
300 _aС.44-47
955 _a0
041 _aukr
080 _a81
773 0 _w119295
650 7 _a8 Мовознавство. Художня література. Літературознавство
_2UDC
999 _c405333
_d405333